Statistics for Actors that have Worked with Quentin Tarantino

Click here to take the quiz!

General Stats

  • This quiz has been taken 66 times
    (65 since last reset)
  • The average score is 18 of 37

Answer Stats

Movies Actor % Correct
Django Unchained, Once Upon a Time in HollywoodLeonardo DiCaprio
96%
Inglorious Basterds, Once Upon a Time in HollywoodBrad Pitt
96%
Pulp Fiction, The Hateful EightSamuel L. Jackson
91%
Kill Bill, Pulp FictionUma Thurman
89%
Pulp FictionJohn Travolta
88%
Once Upon a Time in HollywoodMargot Robbie
82%
Pulp FictionBruce Willis
80%
Django Unchained, Inglorious BasterdsChristoph Waltz
80%
Django UnchainedJamie Foxx
79%
Four Rooms, Reservoir DogsTim Roth
79%
Reservoir Dogs, The Hateful EightMichael Madsen
73%
Death Proof, The Hateful EightKurt Russell
70%
From Dusk Till DawnHarvey Keitel
66%
From Dusk Till DawnGeorge Clooney
64%
Pulp Fiction, Reservoir DogsSteve Buscemi
61%
Jackie BrownRobert De Niro
59%
Kill BillLucy Liu
55%
Jackie BrownPam Grier
52%
Once Upon a Time in HollywoodAl Pacino
50%
Kill BillVivica A.Fox
50%
Inglorious BasterdsMichael Fassbender
39%
Kill BillDavid Carradine
39%
Pulp FictionChristopher Walken
34%
From Dusk Till DawnSalma Hayek
34%
Django UnchainedKerry Washington
30%
The Hateful EightChanning Tatum
30%
Jackie BrownMichael Keaton
30%
Reservoir DogsChris Penn
25%
Once Upon a Time in HollywoodDakota Fanning
18%
Pulp FictionAmanda Plummer
18%
Reservoir DogsLawrence Tierney
13%
Once Upon a Time in HollywoodLuke Perry
13%
Reservoir DogsEdward Bunker
13%
Django UnchainedJonah Hill
11%
Jackie BrownChris Tucker
9%
Once Upon a Time in HollywoodJames Marsden
5%
Four RoomsMadonna
5%

Score Distribution

Percentile by Number Answered

Percent of People with Each Score

Your Score History

You have not taken this quiz since the last reset